[Event "Bagneux  IM"]
[Site "Bagneux"]
[Date "1999.07.08"]
[Round "1.2"]
[White "Sellos, Didier"]
[Black "Peyrat, Olivier"]
[Result "1-0"]
[WhiteElo "2372"]
[BlackElo "2390"]
[PlyCount "39"]
[EventDate "1999.07.??"]

1. d4 g6 2. e4 Bg7 3. Nf3 d6 4. c3 Nf6 5. Bd3 O-O 6. O-O Nc6 7. Nbd2 e5 8. dxe5
Nxe5 9. Nxe5 dxe5 10. Bc4 b6 11. Qe2 a6 12. Rd1 Bb7 13. Nf1 Qe7 14. Bg5 h6 15.
Bxf6 Bxf6 16. Qg4 Kg7 17. Rd7 Qc5 18. Qe6 Qc6 19. Rxf7+ Kh8 20. Qh3 1-0

[Event "Bagneux  IM"]
[Site "Bagneux"]
[Date "1999.07.08"]
[Round "1.3"]
[White "Gyorkos, Lajos"]
[Black "Bartha, Sandor"]
[Result "1-0"]
[WhiteElo "2424"]
[BlackElo "2245"]
[PlyCount "77"]
[EventDate "1999.07.??"]

1. Nf3 Nf6 2. d4 g6 3. c4 Bg7 4. Nc3 d6 5. e4 O-O 6. h3 c5 7. d5 e5 8. Bg5 h6
9. Be3 Kh7 10. g4 Ng8 11. Bd3 Na6 12. Nd2 Nc7 13. Nf1 Bd7 14. a3 a5 15. Ng3 Rb8
16. Nb5 Bxb5 17. cxb5 b6 18. h4 Ne8 19. g5 Ne7 20. h5 Rb7 21. Qf3 f6 22. hxg6+
Nxg6 23. gxh6 Bh8 24. Bf1 f5 25. exf5 Nf4 26. O-O-O Nf6 27. Bxf4 exf4 28. Qxf4
Re7 29. Bd3 Re5 30. Bc2 Qe7 31. Qg5 Rg8 32. Qg6+ Rxg6 33. fxg6+ Kg8 34. f4 Rxd5
35. Rde1 Qc7 36. Rhg1 c4 37. g7 Bxg7 38. hxg7 Kxg7 39. Nh5+ 1-0

[Event "Bagneux  IM"]
[Site "Bagneux"]
[Date "1999.07.08"]
[Round "1.4"]
[White "Sinkovics, Peter"]
[Black "Guedon, Stephane"]
[Result "0-1"]
[WhiteElo "2313"]
[BlackElo "2351"]
[PlyCount "122"]
[EventDate "1999.07.??"]

1. d4 Nf6 2. Nf3 e6 3. c4 b6 4. g3 Bb7 5. Bg2 Be7 6. Nc3 Ne4 7. Bd2 Bf6 8. Rc1
Bxd4 9. Nxd4 Nxc3 10. Bxc3 Bxg2 11. Rg1 Bb7 12. Nb5 a6 13. Bxg7 Rg8 14. Bf6
Qxf6 15. Nxc7+ Kd8 16. Nxa8 Bxa8 17. Qb3 Kc7 18. c5 b5 19. Qc3 Qh6 20. h4 Nc6
21. Qd2 Qxd2+ 22. Kxd2 f5 23. Ke3 Nb4 24. a3 Nd5+ 25. Kd4 Rg4+ 26. Kd3 f4 27.
Rcf1 fxg3 28. fxg3 Ne7 29. Rf4 Rg7 30. h5 Rg5 31. Rf7 Nf5 32. g4 Nh6 33. Rxh7
Nxg4 34. Kd2 Rd5+ 35. Ke1 Nf6 36. Rh8 Bc6 37. h6 Rxc5 38. Rg6 Ne4 39. Kf1 Rc1+
40. Kg2 Ng3+ 41. Kf2 Rf1+ 42. Ke3 Nf5+ 43. Kd2 Nd6 44. b3 Rh1 45. Rg7 Nf5 46.
Rg6 Nd4 47. Rg3 Rh2 48. h7 Nxe2 49. Rg7 Nd4+ 50. Kc3 Nf5 51. Rf7 Rh3+ 52. Kb4
Nd6 53. Rg7 Nb7 54. a4 Bd5 55. Ka3 Rxb3+ 56. Ka2 Rh3+ 57. Kb2 bxa4 58. Ra8 a3+
59. Kc1 Rh1+ 60. Kd2 a2 61. Rxa6 Nc5 0-1

[Event "Bagneux  IM"]
[Site "Bagneux"]
[Date "1999.07.09"]
[Round "2.1"]
[White "Borne, Niels"]
[Black "Le Quang, Kim"]
[Result "1-0"]
[WhiteElo "2313"]
[BlackElo "2349"]
[PlyCount "101"]
[EventDate "1999.07.??"]

1. d4 Nf6 2. c4 g6 3. Nc3 Bg7 4. e4 d6 5. Bd3 O-O 6. Nge2 Nc6 7. O-O Nh5 8. Bc2
e5 9. d5 Ne7 10. a4 f5 11. exf5 gxf5 12. f4 Ng6 13. Ra3 Bd7 14. a5 Qh4 15. Rb3
b6 16. Be3 Nhxf4 17. Nxf4 exf4 18. Bf2 Qg5 19. Kh1 Ne5 20. Nb5 Bxb5 21. cxb5
Rf6 22. Bd4 Rg6 23. g3 Re8 24. Rxf4 Ng4 25. Bxf5 Bxd4 26. Qxd4 Re1+ 27. Kg2 Ne5
28. Bxg6 Qxg6 29. Qf2 Rc1 30. Rc3 Rxc3 31. bxc3 bxa5 32. c4 Nd3 33. Rf8+ Kg7
34. Qf5 Qxf5 35. Rxf5 a4 36. Rf1 Nb2 37. Ra1 Kf6 38. Ra2 Nxc4 39. Rxa4 Ne3+ 40.
Kf3 Nxd5 41. Rxa7 Ke5 42. Ra8 Nc3 43. Rh8 Nxb5 44. Rxh7 c5 45. Re7+ Kd4 46. h4
c4 47. h5 c3 48. h6 c2 49. Re1 Kd3 50. h7 Kd2 51. Re2+ 1-0

[Event "Bagneux  IM"]
[Site "Bagneux"]
[Date "1999.07.09"]
[Round "2.2"]
[White "Guedon, Stephane"]
[Black "Doornbos, Yann"]
[Result "1-0"]
[WhiteElo "2351"]
[BlackElo "2343"]
[PlyCount "137"]
[EventDate "1999.07.??"]

1. e4 e6 2. d4 d5 3. Nc3 Bb4 4. e5 c5 5. Bd2 Ne7 6. a3 Bxc3 7. Bxc3 Nbc6 8. Nf3
cxd4 9. Nxd4 Nxe5 10. Nxe6 Bxe6 11. Bxe5 O-O 12. Bd3 Nc6 13. Bg3 Qf6 14. Rb1
Bf5 15. O-O Rfe8 16. Bxf5 Qxf5 17. Qd2 Re6 18. Rbd1 Rae8 19. Rfe1 Rxe1+ 20.
Rxe1 Rxe1+ 21. Qxe1 h6 22. h3 Nd4 23. c3 Ne6 24. Qe2 a6 25. Qd1 Qe4 26. Qd2 a5
27. f3 Qc4 28. Be5 a4 29. Kh2 Nc5 30. Bd4 Nd3 31. Qe3 Qc7+ 32. g3 Nxb2 33. Qe8+
Kh7 34. Be5 Qc4 35. Bd4 Kg6 36. h4 h5 37. Qe5 f6 38. Qe8+ Kh6 39. g4 hxg4 40.
fxg4 Qc7+ 41. Kh3 Kh7 42. Qh5+ Kg8 43. Qe8+ Kh7 44. g5 fxg5 45. Qh5+ Kg8 46.
Qe8+ Kh7 47. hxg5 Nd3 48. g6+ Kh6 49. Qe3+ Nf4+ 50. Kg4 Kxg6 51. Qxf4 Qd7+ 52.
Kf3 Qh3+ 53. Kf2 Kh7 54. Qg5 Qh2+ 55. Kf3 Qh1+ 56. Kf2 Qh2+ 57. Kf3 Qh1+ 58.
Kg4 Qg2+ 59. Kf4 Qe4+ 60. Kg3 Qe1+ 61. Kh2 Qe2+ 62. Qg2 Qh5+ 63. Qh3 Kg6 64.
Qxh5+ Kxh5 65. Kg3 g5 66. Be3 Kg6 67. Kg4 Kf6 68. Bd4+ Kg6 69. Be5 1-0

[Event "Bagneux  IM"]
[Site "Bagneux"]
[Date "1999.07.09"]
[Round "2.3"]
[White "Bartha, Sandor"]
[Black "Sinkovics, Peter"]
[Result "0-1"]
[WhiteElo "2245"]
[BlackElo "2313"]
[PlyCount "50"]
[EventDate "1999.07.??"]

1. d4 Nf6 2. c4 g6 3. Nc3 Bg7 4. e4 d6 5. Nf3 O-O 6. Be2 Bg4 7. h3 Bxf3 8. Bxf3
Nc6 9. Be3 e5 10. d5 Nd4 11. O-O Re8 12. Re1 c5 13. Be2 a6 14. Bd3 Nh5 15. Bxd4
exd4 16. Ne2 Qh4 17. Qb3 Re7 18. Bc2 Rf8 19. Ng3 Nf4 20. Qf3 b5 21. cxb5 axb5
22. a4 c4 23. axb5 d3 24. Bd1 Bxb2 25. Ra6 c3 0-1

[Event "Bagneux  IM"]
[Site "Bagneux"]
[Date "1999.07.09"]
[Round "2.4"]
[White "Peyrat, Olivier"]
[Black "Gyorkos, Lajos"]
[Result "1-0"]
[WhiteElo "2390"]
[BlackElo "2424"]
[PlyCount "135"]
[EventDate "1999.07.??"]

1. c4 c5 2. g3 Nc6 3. Bg2 g6 4. Nc3 Bg7 5. e3 d6 6. Nge2 Nf6 7. b3 O-O 8. Bb2
Bd7 9. O-O Rb8 10. d4 a6 11. Rc1 Ng4 12. dxc5 dxc5 13. Qd2 Bf5 14. Nd5 e6 15.
Bxg7 Kxg7 16. Qc3+ Kg8 17. Ndf4 g5 18. Nh5 f6 19. h3 Nge5 20. g4 Bg6 21. f4 Nd7
22. Neg3 Bxh5 23. Nxh5 Qe7 24. Bxc6 bxc6 25. Rcd1 Rbd8 26. Kg2 gxf4 27. exf4 e5
28. Rde1 Qd6 29. Rd1 Qe7 30. Rfe1 e4 31. Ng3 f5 32. g5 Qe6 33. Kf2 Rfe8 34. Ke3
Nf8 35. Kf2 e3+ 36. Kf3 Rxd1 37. Rxd1 e2 38. Re1 Qd7 39. Rxe2 Rxe2 40. Nxe2 Qd1
41. Kf2 Ne6 42. Qe3 Kf7 43. Nc1 Qc2+ 44. Kg3 Nd4 45. Nd3 Ne2+ 46. Kh4 Qd1 47.
Ne5+ Kg8 48. Nf3 Qf1 49. g6 hxg6 50. Kg5 Kf7 51. h4 Qd1 52. Kh6 Ng3 53. Ng5+
Kf8 54. Nf3 Kf7 55. Kh7 Ne4 56. Ne5+ Kf6 57. Qd3 Qxd3 58. Nxd3 a5 59. Ne5 Nc3
60. Nd7+ Kf7 61. Ne5+ Kf6 62. Nxg6 Nxa2 63. Nf8 Nc1 64. Kg8 Nxb3 65. h5 a4 66.
h6 a3 67. h7 a2 68. h8=Q+ 1-0

[Event "Bagneux  IM"]
[Site "Bagneux"]
[Date "1999.07.09"]
[Round "2.5"]
[White "Gollain, Marc"]
[Black "Sellos, Didier"]
[Result "0-1"]
[WhiteElo "2218"]
[BlackElo "2372"]
[PlyCount "62"]
[EventDate "1999.07.??"]

1. e4 c5 2. Nf3 e6 3. d4 cxd4 4. Nxd4 Nf6 5. Nc3 d6 6. g4 h6 7. g5 hxg5 8. Bxg5
a6 9. Qd2 b5 10. a3 Bb7 11. h4 Nbd7 12. f3 Rc8 13. O-O-O Ne5 14. f4 Nc4 15.
Bxc4 Rxc4 16. Rhe1 Qc8 17. e5 dxe5 18. Rxe5 b4 19. Na4 b3 20. Nc3 Rxc3 21. Qxc3
Qxc3 22. bxc3 Bxa3+ 23. Kb1 Nd5 24. Rxd5 Bxd5 25. c4 Be4 26. Nxb3 f6 27. c5
fxg5 28. Rd4 Bd5 29. c4 Bf3 30. fxg5 Ke7 31. Nd2 Bg2 0-1

[Event "Bagneux  IM"]
[Site "Bagneux"]
[Date "1999.07.10"]
[Round "3.2"]
[White "Gyorkos, Lajos"]
[Black "Gollain, Marc"]
[Result "0-1"]
[WhiteElo "2424"]
[BlackElo "2218"]
[PlyCount "81"]
[EventDate "1999.07.??"]

1. Nf3 Nf6 2. g3 g6 3. Bg2 Bg7 4. d4 O-O 5. b3 d6 6. Bb2 Nbd7 7. O-O e5 8. dxe5
Ng4 9. c4 Ndxe5 10. Nxe5 Nxe5 11. Nc3 Re8 12. Qd2 a5 13. Rad1 a4 14. h3 axb3
15. axb3 Nc6 16. e3 Bf5 17. Ra1 Na5 18. Ra3 Nc6 19. Rxa8 Qxa8 20. Ra1 Qd8 21.
Nd5 h5 22. Bxg7 Kxg7 23. Qc3+ f6 24. b4 Ne5 25. Nf4 c6 26. Ra7 Re7 27. b5 Qb8
28. Qd4 Rf7 29. b6 Qd8 30. c5 Rd7 31. e4 dxc5 32. exf5 cxd4 33. Ne6+ Kh6 34.
Nxd8 d3 35. Ra1 Rxd8 36. fxg6 d2 37. Rd1 Nc4 38. g7 Kxg7 39. Bf3 Nb2 40. Kf1
Nxd1 41. Bxd1 0-1

[Event "Bagneux  IM"]
[Site "Bagneux"]
[Date "1999.07.10"]
[Round "3.3"]
[White "Sinkovics, Peter"]
[Black "Peyrat, Olivier"]
[Result "1-0"]
[WhiteElo "2313"]
[BlackElo "2390"]
[PlyCount "81"]
[EventDate "1999.07.??"]

1. d4 f5 2. Nc3 Nf6 3. Bg5 b6 4. Bxf6 exf6 5. Qd3 d5 6. O-O-O Qd7 7. g4 c6 8.
h3 Bb4 9. Bg2 O-O 10. Nxd5 cxd5 11. Qb3 Bb7 12. Qxb4 Nc6 13. Qb5 Rfd8 14. e3 a5
15. a3 Ba6 16. Qxb6 Bc4 17. b3 Rab8 18. Qc5 Rb5 19. bxc4 Rxc5 20. dxc5 Kf8 21.
cxd5 Ne5 22. Nf3 Nc4 23. Nd4 Rb8 24. Rd3 a4 25. Rc3 Ne5 26. f4 Nf7 27. gxf5 Qb7
28. Kd2 Qa6 29. Bf3 g6 30. fxg6 hxg6 31. Rg1 g5 32. Bh5 Qa5 33. Nc6 Qc7 34.
Bxf7 Kxf7 35. Nxb8 Qxb8 36. d6 gxf4 37. exf4 Qb5 38. c6 Qd5+ 39. Rd3 Qc5 40.
Re1 Qf2+ 41. Kd1 1-0

[Event "Bagneux  IM"]
[Site "Bagneux"]
[Date "1999.07.10"]
[Round "3.5"]
[White "Le Quang, Kim"]
[Black "Guedon, Stephane"]
[Result "0-1"]
[WhiteElo "2349"]
[BlackElo "2351"]
[PlyCount "74"]
[EventDate "1999.07.??"]

1. e4 e6 2. d4 d5 3. e5 c5 4. c3 Qb6 5. Nf3 Nc6 6. a3 c4 7. Nbd2 f6 8. b3 cxb3
9. Nxb3 fxe5 10. dxe5 Nge7 11. Bf4 g6 12. Bd3 Bg7 13. O-O O-O 14. g3 Qc7 15.
Re1 Bd7 16. h4 Na5 17. Nbd4 Nc4 18. Qc2 Nc6 19. Nxc6 Bxc6 20. h5 gxh5 21. Bxh7+
Kh8 22. Ng5 Bh6 23. Bg6 Bxg5 24. Bxg5 Nxe5 25. Bxh5 Rf5 26. f4 Rg8 27. Rxe5
Qb6+ 28. Kh2 Rgxg5 29. Rxf5 Rxf5 30. Qe2 Qd8 31. Bg4 Rf6 32. Qe5 Kh7 33. Rh1 d4
34. Kg1+ Bxh1 35. Qh5+ Rh6 36. Qf7+ Kh8 37. Bxe6 dxc3 0-1

[Event "Bagneux  IM"]
[Site "Bagneux"]
[Date "1999.07.11"]
[Round "4.1"]
[White "Borne, Niels"]
[Black "Guedon, Stephane"]
[Result "1/2-1/2"]
[WhiteElo "2313"]
[BlackElo "2351"]
[PlyCount "34"]
[EventDate "1999.07.??"]

1. d4 Nf6 2. c4 e6 3. Nf3 b6 4. e3 Bb7 5. Bd3 d5 6. cxd5 exd5 7. O-O Bd6 8. Nc3
O-O 9. Qc2 a6 10. e4 dxe4 11. Nxe4 Bxe4 12. Bxe4 Nxe4 13. Qxe4 Nd7 14. Bg5 Re8
15. Qf5 f6 16. Rfe1 Nf8 17. Bh4 Qd7 1/2-1/2

[Event "Bagneux  IM"]
[Site "Bagneux"]
[Date "1999.07.11"]
[Round "4.2"]
[White "Bartha, Sandor"]
[Black "Le Quang, Kim"]
[Result "1-0"]
[WhiteElo "2245"]
[BlackElo "2349"]
[PlyCount "119"]
[EventDate "1999.07.??"]

1. d4 Nf6 2. Nf3 g6 3. b3 Bg7 4. Bb2 O-O 5. e3 b6 6. Be2 Bb7 7. O-O e6 8. c4 d6
9. Nbd2 Nbd7 10. Qc2 c5 11. dxc5 Nxc5 12. Rfd1 Qe7 13. b4 Ncd7 14. a3 Rfc8 15.
Qb3 a6 16. Nd4 e5 17. N4f3 Rc7 18. Nf1 Rac8 19. Ng3 h6 20. Rd2 Qe6 21. Qd1 Bf8
22. Rc1 Qe7 23. Ra1 Ne8 24. h3 h5 25. Qb3 h4 26. Nf1 Ndf6 27. Rdd1 Ne4 28. N1d2
N8f6 29. Nxe4 Nxe4 30. a4 a5 31. bxa5 bxa5 32. Ba3 Bc6 33. Qc2 Qe8 34. Nxh4 d5
35. Bxf8 Qxf8 36. Bg4 f5 37. Bf3 Qf6 38. Bxe4 fxe4 39. g3 g5 40. Ng2 Ba8 41.
Qd2 Rxc4 42. Qxa5 d4 43. Rab1 Rc2 44. Rf1 d3 45. Rb6 Qg7 46. h4 Bc6 47. hxg5 d2
48. Rd1 Qd7 49. Kh2 Re8 50. Qa6 Rc1 51. Rxd2 Qxd2 52. Rxc6 Rxc6 53. Qxc6 Re7
54. Qg6+ Rg7 55. Qe6+ Kf8 56. Qf6+ Rf7 57. Qh8+ Ke7 58. Qxe5+ Kd7 59. g6 Rxf2
60. Qxe4 {Time} 1-0

[Event "Bagneux  IM"]
[Site "Bagneux"]
[Date "1999.07.11"]
[Round "4.4"]
[White "Gollain, Marc"]
[Black "Sinkovics, Peter"]
[Result "0-1"]
[WhiteElo "2218"]
[BlackElo "2313"]
[PlyCount "74"]
[EventDate "1999.07.??"]

1. e4 e5 2. Nf3 Nc6 3. Bb5 Nf6 4. O-O Nxe4 5. d4 Be7 6. dxe5 O-O 7. Re1 Nc5 8.
Nc3 a6 9. Bxc6 dxc6 10. Qe2 Bg4 11. Be3 Qc8 12. h3 Bh5 13. Rad1 Re8 14. a3 a5
15. Bd4 Bf8 16. Ne4 Nxe4 17. Qxe4 Bg6 18. Qe2 c5 19. Bc3 Be7 20. a4 Qe6 21. b3
b6 22. Ba1 Rad8 23. c4 Qf5 24. Qe3 Qc2 25. Rc1 Rd3 26. Rxc2 Rxe3 27. Rxe3 Bxc2
28. Kf1 Rd8 29. Ke2 Rd1 30. Bb2 Rb1 31. Kd2 Rxb2 32. Kc3 Ra2 33. Re2 Bxb3 34.
Rxa2 Bxa2 35. Nd2 Bg5 36. Ne4 Bc1 37. Ng3 Ba3 0-1

[Event "Bagneux  IM"]
[Site "Bagneux"]
[Date "1999.07.11"]
[Round "4.5"]
[White "Sellos, Didier"]
[Black "Gyorkos, Lajos"]
[Result "1-0"]
[WhiteElo "2372"]
[BlackElo "2424"]
[PlyCount "83"]
[EventDate "1999.07.??"]

1. d4 Nf6 2. Nf3 g6 3. c4 Bg7 4. Nc3 d5 5. Bg5 Ne4 6. Bh4 Nxc3 7. bxc3 dxc4 8.
Qa4+ Qd7 9. Qxc4 b6 10. e3 Ba6 11. Qb3 Bxf1 12. Kxf1 Nc6 13. Ke2 O-O 14. Rhd1
Na5 15. Qb4 Rfe8 16. Rac1 Rac8 17. h3 Qf5 18. d5 c5 19. Qa4 c4 20. g4 Qe4 21.
Bg3 h6 22. Nh4 Bf6 23. f3 Bxh4 24. fxe4 Bxg3 25. Kf3 Be5 26. h4 Red8 27. h5 Rd6
28. Ke2 Kg7 29. hxg6 fxg6 30. Rf1 Rcd8 31. Rf2 Rf6 32. Rxf6 exf6 33. Qb5 Bd6
34. Rf1 Be5 35. Qa6 Rd7 36. Qc8 Rf7 37. g5 hxg5 38. Rh1 Rf8 39. Qd7+ Rf7 40.
Rh7+ Kxh7 41. Qxf7+ Kh8 42. Qxa7 1-0

[Event "Bagneux  IM"]
[Site "Bagneux"]
[Date "1999.07.12"]
[Round "5.2"]
[White "Sinkovics, Peter"]
[Black "Sellos, Didier"]
[Result "1/2-1/2"]
[WhiteElo "2313"]
[BlackElo "2372"]
[PlyCount "85"]
[EventDate "1999.07.??"]

1. d4 Nf6 2. Nf3 g6 3. c4 Bg7 4. Nc3 d5 5. Bf4 O-O 6. e3 c5 7. dxc5 Qa5 8. Rc1
Ne4 9. Be5 Bxe5 10. Nxe5 Nxc3 11. Rxc3 Qxa2 12. Qc1 Qa4 13. b3 Qb4 14. Nd3 Qa5
15. cxd5 Na6 16. Be2 Bf5 17. O-O Bxd3 18. Bxd3 Nb4 19. Bb1 Nxd5 20. Rc4 Rfd8
21. e4 Nc7 22. b4 Qb5 23. f4 Ne6 24. Qc3 a5 25. bxa5 Nxf4 26. Qb4 Ne2+ 27. Kf2
Qxb4 28. Rxb4 Nc3 29. Rxb7 Rxa5 30. c6 Rc5 31. Rxe7 Rxc6 32. Kg3 Re6 33. Rxe6
fxe6 34. h4 Kg7 35. Kg4 h5+ 36. Kh3 Rd2 37. Kg3 e5 38. Kf3 Nb5 39. Rf2 Nd4+ 40.
Ke3 Rxf2 41. Kxf2 Kf6 42. g4 hxg4 43. Kg3 1/2-1/2

[Event "Bagneux  IM"]
[Site "Bagneux"]
[Date "1999.07.12"]
[Round "5.4"]
[White "Le Quang, Kim"]
[Black "Peyrat, Olivier"]
[Result "0-1"]
[WhiteElo "2349"]
[BlackElo "2390"]
[PlyCount "114"]
[EventDate "1999.07.??"]

1. e4 e5 2. Nf3 d6 3. d4 Nf6 4. Nc3 Nbd7 5. g3 Be7 6. Bg2 O-O 7. O-O c6 8. a4
b6 9. b3 a6 10. Bb2 Qc7 11. Qd2 Bb7 12. Rad1 Rad8 13. Rfe1 Rfe8 14. Qc1 Bf8 15.
Ba3 b5 16. dxe5 dxe5 17. Bxf8 Nxf8 18. Nh4 Ne6 19. Nf5 b4 20. Nb1 Rxd1 21. Rxd1
Rd8 22. Rxd8+ Qxd8 23. Qd2 c5 24. Qxd8+ Nxd8 25. Nd2 Ne8 26. Nc4 f6 27. f3 Kf8
28. Bf1 Nc7 29. Kf2 g6 30. Nfd6 Ke7 31. f4 exf4 32. gxf4 Nce6 33. Ke3 g5 34.
fxg5 fxg5 35. e5 Nd4 36. Bd3 h6 37. Na5 Bd5 38. Bxa6 Nxc2+ 39. Kd2 Nd4 40. Ndc4
Nf3+ 41. Ke2 Nxh2 42. Ne3 Be6 43. Bd3 Ng4 44. Nxg4 Bxg4+ 45. Ke3 Be6 46. Be4
Kd7 47. Kd3 h5 48. Nc4 Nc6 49. a5 h4 50. a6 Kc7 51. Ke3 Bxc4 52. bxc4 Nxe5 53.
a7 Nxc4+ 54. Kf3 Nb6 55. Kg4 Kd6 56. Kxg5 Ke5 57. Bf3 b3 0-1

[Event "Bagneux  IM"]
[Site "Bagneux"]
[Date "1999.07.13"]
[Round "6.2"]
[White "Peyrat, Olivier"]
[Black "Guedon, Stephane"]
[Result "1-0"]
[WhiteElo "2390"]
[BlackElo "2351"]
[PlyCount "65"]
[EventDate "1999.07.??"]

1. Nf3 Nf6 2. c4 e6 3. g3 b6 4. Bg2 Bb7 5. b3 Be7 6. Bb2 O-O 7. O-O d5 8. e3 c5
9. Nc3 dxc4 10. bxc4 Nc6 11. Qe2 Rc8 12. Rad1 Qc7 13. Ne1 a6 14. f4 Na7 15. g4
b5 16. g5 Nd7 17. Ne4 f5 18. gxf6 Bxf6 19. Nxf6+ Nxf6 20. Nf3 b4 21. d3 Rcd8
22. Kh1 Nc6 23. Rg1 Ne7 24. Ng5 Bc8 25. Ne4 Nxe4 26. Bxe4 Rf7 27. Be5 Qd7 28.
Bxh7+ Kxh7 29. Qh5+ Kg8 30. Bxg7 Bb7+ 31. e4 Ng6 32. Be5 Kf8 33. Qxg6 1-0

[Event "Bagneux  IM"]
[Site "Bagneux"]
[Date "1999.07.13"]
[Round "6.3"]
[White "Gollain, Marc"]
[Black "Le Quang, Kim"]
[Result "0-1"]
[WhiteElo "2218"]
[BlackElo "2349"]
[PlyCount "66"]
[EventDate "1999.07.??"]

1. e4 c5 2. Nf3 d6 3. d4 cxd4 4. Nxd4 Nf6 5. Nc3 e6 6. g4 h6 7. Bg2 Nc6 8. g5
hxg5 9. Bxg5 Qb6 10. Nb3 a6 11. Qe2 Bd7 12. O-O-O Rc8 13. h4 Ne5 14. h5 Nc4 15.
Rh3 Be7 16. f4 Qc7 17. Rdh1 b5 18. h6 g6 19. Re1 b4 20. Nd5 Nxd5 21. exd5 Bxg5
22. fxg5 e5 23. Rh4 Ne3 24. Be4 Nf5 25. Rh2 O-O 26. Qxa6 Ra8 27. Qd3 Rxa2 28.
Reh1 Rfa8 29. Qf3 Qd8 30. h7+ Kh8 31. Qg2 Ne3 32. Qg3 Nc4 33. Rf2 Ra1+ 0-1

[Event "Bagneux  IM"]
[Site "Bagneux"]
[Date "1999.07.13"]
[Round "6.4"]
[White "Sellos, Didier"]
[Black "Doornbos, Yann"]
[Result "0-1"]
[WhiteElo "2372"]
[BlackElo "2343"]
[PlyCount "106"]
[EventDate "1999.07.??"]

1. Nf3 d5 2. g3 Bg4 3. Bg2 Nd7 4. c4 e6 5. Qa4 Ngf6 6. d4 c6 7. Nbd2 Be7 8.
cxd5 exd5 9. h3 Bh5 10. g4 Bg6 11. Nh4 O-O 12. Nxg6 hxg6 13. g5 Nh5 14. Nf3 Bd6
15. h4 Qe7 16. Qc2 c5 17. dxc5 Nxc5 18. O-O Rac8 19. Qd1 Qe4 20. Bd2 Ne6 21. e3
Qg4 22. Rc1 d4 23. Rxc8 Rxc8 24. Nxd4 Qxh4 25. Nf3 Qg4 26. Qb3 Nxg5 27. Nxg5
Qxg5 28. Qxb7 Rc2 29. Bc3 Qh4 30. Qc8+ Kh7 31. Qh3 Qxh3 32. Bxh3 Nf6 33. Bg2
Ng4 34. Bd4 Bh2+ 35. Kh1 Be5 36. Bxa7 Rxb2 37. a4 Ra2 38. f4 Rxa4 39. Bb6 Bd6
40. Bd5 Rb4 41. Bd4 Rxd4 42. exd4 Ne3 43. Rf3 Nxd5 44. f5 g5 45. Rb3 Bf4 46.
Rb7 f6 47. Rb5 Ne3 48. Kg1 Kh6 49. Kf2 g4 50. Ke2 Kg5 51. Rb7 Nxf5 52. Rd7 g3
53. Kf1 Kg4 0-1

[Event "Bagneux  IM"]
[Site "Bagneux"]
[Date "1999.07.13"]
[Round "6.5"]
[White "Gyorkos, Lajos"]
[Black "Sinkovics, Peter"]
[Result "1/2-1/2"]
[WhiteElo "2424"]
[BlackElo "2313"]
[PlyCount "58"]
[EventDate "1999.07.??"]

1. c4 e5 2. Nc3 Nc6 3. Nf3 g6 4. g3 Bg7 5. Bg2 Nf6 6. O-O O-O 7. d3 d6 8. Rb1
a5 9. a3 h6 10. b4 axb4 11. axb4 Be6 12. b5 Ne7 13. Bd2 Nd7 14. Ne1 Rb8 15. Nc2
c6 16. Nb4 Qc8 17. Qc1 Kh7 18. Ra1 f5 19. Ra7 Ra8 20. Qa3 Rxa7 21. Qxa7 Rf7 22.
Ra1 Nc5 23. Be1 e4 24. Qa8 Qc7 25. Ra3 d5 26. bxc6 bxc6 27. Na6 Nxa6 28. Qxa6
exd3 29. cxd5 Bxd5 1/2-1/2

[Event "Bagneux  IM"]
[Site "Bagneux"]
[Date "1999.07.14"]
[Round "7.2"]
[White "Doornbos, Yann"]
[Black "Gyorkos, Lajos"]
[Result "1-0"]
[WhiteElo "2343"]
[BlackElo "2424"]
[PlyCount "53"]
[EventDate "1999.07.??"]

1. d4 Nf6 2. c4 g6 3. Nc3 d5 4. cxd5 Nxd5 5. Bd2 Bg7 6. e4 Nb6 7. Be3 O-O 8.
Be2 Nc6 9. Nf3 Bg4 10. d5 Bxf3 11. gxf3 Ne5 12. Qb3 c6 13. f4 Ned7 14. dxc6
bxc6 15. O-O-O Qc7 16. Kb1 Rfb8 17. Rc1 Nf8 18. e5 Qd7 19. Rhd1 Qh3 20. Qa3 Ne6
21. Ka1 Rb7 22. Ba6 Rc7 23. Bf1 Qxh2 24. Bxb6 Rb7 25. Be3 Nxf4 26. Ba6 Rbb8 27.
Rh1 1-0

[Event "Bagneux  IM"]
[Site "Bagneux"]
[Date "1999.07.14"]
[Round "7.5"]
[White "Bartha, Sandor"]
[Black "Peyrat, Olivier"]
[Result "0-1"]
[WhiteElo "2245"]
[BlackElo "2390"]
[PlyCount "98"]
[EventDate "1999.07.??"]

1. d4 d6 2. Nf3 Nf6 3. e3 Nbd7 4. Be2 g6 5. b3 Bg7 6. Bb2 b6 7. d5 Bb7 8. c4 c6
9. dxc6 Bxc6 10. O-O O-O 11. Nd4 Bb7 12. Bf3 Qc8 13. Nc3 a6 14. Bxb7 Qxb7 15.
Qf3 Qxf3 16. gxf3 Rfc8 17. Kg2 Kf8 18. Rfd1 Rab8 19. Rac1 Nc5 20. Ba3 Nfd7 21.
Nd5 Nb7 22. f4 Ke8 23. h4 h5 24. f5 Bxd4 25. exd4 gxf5 26. Re1 e6 27. Nf4 Nf6
28. f3 Kd7 29. Kf2 Rg8 30. Rg1 Na5 31. Rg5 Rh8 32. Rg7 Rh7 33. Rxh7 Nxh7 34.
Rg1 Nf8 35. Rg7 Ke7 36. Nxh5 Nc6 37. Bb2 Ng6 38. Bc1 Rh8 39. Bg5+ Kf8 40. Rxg6
fxg6 41. Nf4 Kf7 42. Ne2 b5 43. c5 dxc5 44. dxc5 e5 45. Ke3 Ke6 46. Kd3 Kd5 47.
Kc3 Kxc5 48. f4 e4 49. b4+ Kd5 0-1

[Event "Bagneux  IM"]
[Site "Bagneux"]
[Date "1999.07.15"]
[Round "8.1"]
[White "Borne, Niels"]
[Black "Peyrat, Olivier"]
[Result "1-0"]
[WhiteElo "2313"]
[BlackElo "2390"]
[PlyCount "151"]
[EventDate "1999.07.??"]

1. d4 e6 2. c4 f5 3. Nf3 Nf6 4. g3 d5 5. Bg2 c6 6. O-O Bd6 7. Nc3 Qe7 8. Qc2
O-O 9. Rb1 Ne4 10. b4 Nd7 11. b5 Ndf6 12. c5 Bc7 13. Bf4 Bxf4 14. gxf4 Qc7 15.
Nxe4 fxe4 16. Ne5 Nd7 17. Qd2 Nxe5 18. fxe5 Bd7 19. bxc6 bxc6 20. Bh3 Rf7 21.
Rb3 Raf8 22. f4 exf3 23. Rbxf3 Rxf3 24. Rxf3 Rxf3 25. exf3 Qb8 26. Kg2 h6 27.
Bg4 Kf7 28. Bh5+ Ke7 29. Bg6 Be8 30. Bd3 Qb7 31. Kg3 Kd8 32. Qa5+ Ke7 33. a3
Bd7 34. Qb4 Bc8 35. h4 Qc7 36. a4 Qb7 37. Qc3 Kd8 38. Qa5+ Ke7 39. Qc3 Kd8 40.
a5 Qe7 41. Qd2 Qf7 42. Kg4 Qc7 43. Qb4 Ke7 44. Bg6 Ba6 45. Qd2 Qb8 46. Qf4 Qf8
47. Qd2 Qb8 48. h5 Qd8 49. Qf4 Qf8 50. Qh2 Kd7 51. f4 Qd8 52. Qd2 Kc7 53. f5
exf5+ 54. Bxf5 Qb8 55. Qh2 Qd8 56. Qf4 Kb7 57. Qe3 Bb5 58. Kg3 Ka6 59. e6 Qe7
60. Bg4 Bc4 61. Qe1 Kb5 62. Kh3 Ka6 63. Qh4 Qf8 64. Qe1 Qe7 65. Kg3 Kb5 66. Qe3
Ka6 67. Bf5 Kb5 68. Qf4 Kxa5 69. Qh4 Qc7+ 70. Kg2 Qc8 71. Qe1+ Ka6 72. Qe5 Qb7
73. e7 Qb2+ 74. Kg3 Bf1 75. Bc8+ Ka5 76. Qe1+ 1-0

[Event "Bagneux  IM"]
[Site "Bagneux"]
[Date "1999.07.15"]
[Round "8.2"]
[White "Gollain, Marc"]
[Black "Bartha, Sandor"]
[Result "1/2-1/2"]
[WhiteElo "2218"]
[BlackElo "2245"]
[PlyCount "106"]
[EventDate "1999.07.??"]

1. e4 c5 2. Nf3 d6 3. d4 cxd4 4. Nxd4 Nf6 5. Nc3 a6 6. Bc4 e6 7. Bb3 Be7 8. O-O
O-O 9. Bg5 Nc6 10. Qd2 Nxd4 11. Qxd4 Nxe4 12. Nxe4 Bxg5 13. Nxg5 Qxg5 14. Qxd6
b5 15. f4 Qd8 16. Rad1 Bb7 17. Qc5 Qf6 18. Rd7 Be4 19. Qd4 Qg6 20. Rf2 h5 21.
c3 Rfc8 22. Rd2 Bf5 23. Qe5 Re8 24. Qc7 Rf8 25. Qe5 Kh8 26. R7d6 Rfe8 27. Qc5
Rec8 28. Qd4 a5 29. Bd5 Rab8 30. Bf3 Bg4 31. Be4 Bf5 32. Bf3 Bg4 33. Bxg4 Qxg4
34. Qe4 g6 35. Rd7 Kg8 36. Qe5 Qf5 37. Qxf5 gxf5 38. Kf2 b4 39. cxb4 Rxb4 40.
g3 a4 41. Ra7 Rcb8 42. Rdd7 Rxb2+ 43. Ke3 Rf8 44. Rxa4 Rxh2 45. Raa7 Rg2 46.
Kf3 Rc2 47. Ke3 Rg2 48. Kf3 Rh2 49. Ke3 Rb2 50. Rdc7 Rg2 51. Kf3 Rd2 52. Ke3
Rfd8 53. Rc8 R2d3+ 1/2-1/2

[Event "Bagneux  IM"]
[Site "Bagneux"]
[Date "1999.07.15"]
[Round "8.3"]
[White "Sellos, Didier"]
[Black "Guedon, Stephane"]
[Result "1-0"]
[WhiteElo "2372"]
[BlackElo "2351"]
[PlyCount "69"]
[EventDate "1999.07.??"]

1. d4 Nf6 2. c4 e6 3. Nc3 Bb4 4. e3 b6 5. Nge2 Ba6 6. a3 Be7 7. Nf4 d5 8. cxd5
Bxf1 9. Kxf1 exd5 10. Bd2 c6 11. Rc1 O-O 12. Qf3 Re8 13. g4 Bd6 14. Nce2 Ne4
15. Be1 Qd7 16. h4 Na6 17. g5 Nc7 18. Qh3 Qd8 19. Rxc6 Bxf4 20. Nxf4 Ne6 21.
Nxe6 Qd7 22. Nxg7 Qxc6 23. Nxe8 Rxe8 24. Qf5 Qc1 25. Kg2 Qxb2 26. Qd7 Re6 27.
Qd8+ Kg7 28. h5 h6 29. gxh6+ Rxh6 30. Qxd5 Nf6 31. Qg5+ Kh7 32. Qf5+ Kh8 33.
Bb4 Qe2 34. Bf8 Ng4 35. Bxh6 1-0